000 01696nam a2200433 i 4500
001 20075
003 FINmELB
005 20241216213821.0
006 m o u
007 cr cn|||||||||
008 241121s2023 cl ob 000 0 spa d
020 _z9789561129450
020 _a9789561129467
_q(e-book)
035 _a(OCoLC)1472952112
040 _aFINmELB
_bspa
_erda
_cFINmELB
050 1 4 _aQK99.A1
_bM971 2023
080 _a633.88
082 0 4 _a615.321
_223
100 1 _aMuñoz Muñoz, Orlando,
_eautor.
245 1 0 _aPlantas medicinales de uso tradicional :
_bquímica y farmacología /
_cOrlando Muñoz Muñoz, Aurelio San Martín B., Víctor Fajardo M.
264 1 _aSantiago de Chile :
_bEditorial Universitaria de Chile,
_c2023.
300 _a1 recurso en línea (631 páginas)
336 _atexto
_btxt
_2rdacontent/spa
337 _acomputadora
_bc
_2rdamedia/spa
338 _arecurso en línea
_bcr
_2rdacarrier/spa
490 1 _aColección Textos Universitarios
504 _aContiene bibliografía.
588 _aDescripción basada en metadatos suministrados por el editor y otras fuentes.
590 _aRecurso electrónico. Santa Fe, Arg.: elibro, 2024. Disponible vía World Wide Web. El acceso puede estar limitado para las bibliotecas afiliadas a elibro.
650 4 _aPlantas medicinales.
650 4 _aPlantas aromáticas
_zChile.
650 4 _aFitoterapia
_zChile.
655 4 _aLibros electrónicos.
700 1 _aFajardo, Víctor M.,
_eautor.
700 1 _aSan Martín, Aurelio B.,
_eautor.
797 2 _aelibro, Corp.
830 0 _aColección Textos Universitarios.
856 4 0 _uhttps://elibro.net/ereader/politecnicointernacional/271526
999 _c20075
_d20075